Giáo trình lịch sử Đảng Cộng sản Việt Nam

Gardado en:
Detalles Bibliográficos
Formato: Libro
Idioma:Undetermined
Publicado: Hà Nội Chính trị Quốc gia 2004
Những chủ đề:
Các nhãn: Engadir etiqueta
Sen Etiquetas, Sexa o primeiro en etiquetar este rexistro!
Thư viện lưu trữ: Trung tâm Học liệu Trường Đại học Cần Thơ
LEADER 00557nam a2200193Ia 4500
001 CTU_94479
008 210402s9999 xx 000 0 und d
020 |c 31000 
082 |a 324.2597075 
082 |b Gi108 
245 0 |a Giáo trình lịch sử Đảng Cộng sản Việt Nam 
245 0 |c Đào Duy Tùng...[et.al] 
260 |a Hà Nội 
260 |b Chính trị Quốc gia 
260 |c 2004 
650 |a Communist parties 
650 |z Vietnam 
904 |i Nguyên 
980 |a Trung tâm Học liệu Trường Đại học Cần Thơ